| 000 | 00774cam a22002534a 4500 | ||
|---|---|---|---|
| 001 | 12777241 | ||
| 003 | 0 | ||
| 005 | 20170130100610.0 | ||
| 008 | 020516s2003 njua b 001 0 eng | ||
| 010 | _a | ||
| 020 | _a9780130482358 | ||
| 040 | _cspu | ||
| 042 | _apcc | ||
| 050 | 0 | 0 |
_aHF5548.8 _b.R47 2003 |
| 100 | 1 | _aRiggio, Ronald E. | |
| 245 | 1 | 0 |
_aIntroduction to industrial/organizational psychology / _cRonald E. Riggio ; consulting editor, Lyman W. Porter. |
| 250 | _a4th ed. | ||
| 260 |
_aUpper Saddle River, N.J. : _bPrentice Hall, _c2003. |
||
| 300 |
_axx, 556 p. : _bill. ; _c24 cm. |
||
| 504 | _aIncludes bibliographical references (p. 475-532) and indexes. | ||
| 650 | 0 | _aPsychology, Industrial. | |
| 650 | 0 | _aOrganizational change. | |
| 942 |
_2lcc _cBK |
||
| 999 |
_c48218 _d48218 |
||